000 00465cam a22001691 4500
082 _a669.142
_bBRI
_cD
110 2 _aBritish Standards Institution.
_932410
245 0 0 _aBritish standards for steel and steel products.
250 _a1949 edition
260 _aLondon,
_c1949.
300 _a673 p.
_billus.
_c25 cm.
490 1 _aIts BS handbook
526 _a0
_b0
_c0
_d669_142000000000000_BRI
650 0 _aMCE
_9379
650 0 _aSteel
_944868
942 _2ddc
_cBK
999 _c548843
_d548843